MAPRO Tailung - Capítulo 1 a 5 - Statistics

Estatísticas Gerais
  • Esse quiz foi jogado 148 vezes
    69 desde o último reset
  • A pontuação média é 108 de 187
Estatísticas das Respostas
Perguntas Respostas % Correto
Área restrita: Começa na galeria de _____ e se estende para o lado __ do EIA ex-comandantes NW
91%
Horizonte: ___ ______ Bem definido
73%
Visibilidade: ______ Ilimitada
73%
Nuvens: ___ _______ Sem nuvens
73%
Visibilidade: > __ km 10
64%
Teto: Entre ____ e ____ ft 1000 1500
64%
Limite de Vento em Aluno Solo (Ordem crescente) 10 12 16
64%
Para efeito de saturação das áreas, _ Esquadrilha ou _ Elemento equivalerá a _ aeronave(s) 1 1 2
64%
A área SBD-424 foi dividida em __ subáreas, sendo __ para utilização da instrução aérea do 2º EIA, localizadas no setor “E” da AFA. 11 4
64%
Em caso de voo solo isolado: previsão de pouso __ h __min antes do pôr do sol (exceção ao voo de _____) 1 30 formatura
64%
Limite de Vento em Duplo Comando (Ordem crescente) 14 16 20
64%
Teto: > ____ ft 1500
64%
Porto Ferreira 155
64%
Visibilidade: < __km 1,6
64%
Visibilidade: Entre __ e __ km 1,6 3
64%
Santa Rita do Passa Quatro 180
64%
Centro da Área de Sagitário 190
64%
A pista de pouso utilizada pelo 2º EIA possui ____ metros de comprimento e __ metros de largura, com ____ ft de altitude 1902 45 1976
64%
Santa Rosa do Viterbo 195
64%
O número máximo de cadetes solo em cada área será de __ 2
64%
Caiapó 2000 Ambos
64%
Cresciumal 2000 Ambos
64%
Abengoa (Usina São Luís) 2000 Emergência
64%
Leme 2000 Emergência
64%
Retiro 2000 Treinamento
64%
Tambaú 210
64%
Mococa 2100 Ambos
64%
Laranjal 2100 Emergência
64%
Fazenda Boa Vista Rocheto 2100 Treinamento
64%
Araras 2200 Emergência
64%
Chifre 2200 Treinamento
64%
Monte Cristo 2200 Treinamento
64%
Santa Cruz das Palmeiras 225
64%
Mococa 230
64%
Centro de Área de Libra 230
64%
Casa Branca 2300 Ambos
64%
Amália 2300 Emergência
64%
Vargem Grande do Sul 2300 Treinamento
64%
Tambaú 2400 Ambos
64%
Jacuba 2400 Treiinamento
64%
São José do Rio Pardo 245
64%
Casa Branca 250
64%
São João da Boa Vista 2500 Ambos
64%
Sítio Nossa Senhora Aparecida do Alto Serra 260
64%
A partir da quinta partida da aeronave e/ou com temperatura ambiente maior ou igual a __ ° C (METAR da hora). (min) 26 60
64%
Vargem Grande do Sul 270
64%
Centro da Área de Virgem 275
64%
São José do Rio Pardo 2800 Ambos
64%
SRP4 2800 Emergência
64%
São João da Boa Vista 290
64%
Intervalo entre a primeira e a segunda partida da aeronave (min) 30
64%
Aguaí 305
64%
Dois hangaretes e dois boxes são utilizados pelo pela GLOG-T25 para giro de motor: Hangaretes __ e __ Boxes __ e __ 32 33 34 35
64%
Mogi-Guaçu 335
64%
Centro da Área de Gêmeos 345
64%
Visibilidade: Entre __ e __ km 3 5
64%
Conchal 355
64%
Saturação de Sagitário 4
64%
Teto: < ____ft 400
64%
Teto: Entre ____ e ____ ft 400 1000
64%
Galáxia Baixa (SBD ___ ), do ___ até o ____ ft 424 GND 5000
64%
Galáxia Alta (SBR ___) de ____ ft até o FL ___ 425 5000 190
64%
Entre a segunda e a terceira partida da aeronave (min) 45
64%
Entre a terceira e a quarta partida da aeronave (min) 45
64%
Visibilidade: Entre __ e __ km 5 10
64%
O número máximo de aeronaves no circuito de tráfego será de _ aviões. Destes, só poderão existir _ em toque e arremetida no circuito (sem constituir _______), enquanto os outros _ retornamda área para pouso final 5 3 cobrinha 2
64%
Saturação das demais 6
64%
Vermelha Intermitente Aeródromo impraticável. Não pouse
64%
Vermelha Intermitente Afaste-se da pista de pouso em uso
64%
Recebimento em solo de dia: movendo _____ ou _____ aileron leme
64%
Recebimento em voo de dia: balançando as ____ asas
64%
Considerar o limite mais _____ para a operação conservativo
64%
Degolar cortar motor
64%
Nuvens: _____ (_/_) Encoberto 88
64%
Nuvens: _____ (_/_) Encoberto 88
64%
Operação: ______ ___ Fechado IFR
64%
Visibilidade: ______ __ _______ Fechado por nebulosidade
64%
Operação: ___ IFR
64%
Teto: _______ Ilimitado
64%
Recebimento em voo de noite: emitindo sinais _____, _ vezes, com os faróis de ____ da aeronave ou, se não dispuser deles, as ____ __ _____ intermitentes 2 pouso luzes de navegação
64%
Recebimento em solo de noite: emitindo sinais _____, _ vezes, com os faróis de ____ da aeronave ou, se não dispuser deles, as ____ __ _____ intermitentes 2 pouso luzes de navegação
64%
Somente as interseções das cabeceiras (_ e _) deverão ser utilizadas para ingresso na pista K R
64%
Visibilidade: _______ ________ Ligeiramente prejudicada
64%
Verde Contínua Livre decolagem
64%
Verde Contínua Livre pouso
64%
Verde Intermitente Livre taxi
64%
Vermelha Contínua Mantenha posição
64%
Nuvens: _____ _____ (_/_ a _/_) Muitas nuvens 58 78
64%
Horizonte: __ _______ Não observável
64%
Visibilidade: ____ _____ Névoa intensa
64%
Horizonte: ________ _ _____ _______ Observável a grande altitude
64%
Para o controle de saturação de área, é terminantemente proibida a troca de área de voo sem o conhecimento prévio do ___. Havendo necessidade de trocar de área em voo, fazer contato com _____, que irá autorizá-lo ou não, em função da saturação. O piloto deverá informar _____ da mudança OPO fênix argos
64%
Intersecção de acesso para entrada no estacionamento P
64%
Horizonte: _______ ________ Parcialmente definido
64%
SBD: Área _______ perigosa
64%
Nuvens: _____ _ _______ (_/_ a _/_) Poucas e esparsas 18 48
64%
Horizonte: _____ ______ Pouco definido
64%
Branco intermitente Pouse neste aeródromo e dirija-se ao estacionamento
64%
É terminantemente proibido decolar das interseções _ e _ Q N
64%
Intersecções de acesso para saída do estacionamento Q O
64%
Branco intermitente Regresse ao estacionamento
64%
Verde Intermitente Regresse e pouse
64%
SBR: Área ______ restrita
64%
É proibido o voo de alunos solo na área de ______ sagitário
64%
Linha para Evolução em Virgem e Gêmeos: _____ ___ ___ _______, _____ e ______ ______. Não se deve ultrapassar sem autorização do controle devido a procedimentos no setor W e com o perfil de subida do setor E. Santa Cruz das Palmeiras Saturno Fazenda Retiro
64%
Os limites para pouso, duplo comando e ___ de formatura, em relação ao pôr do sol são: __ minutos antes para estar no tráfego (após saturno) e __ minutos para o pouso. solo 30 15
64%
As pistas que se encontram nos limites laterais das áreas podem ser usadas pelos ocupantes de ambas para treinamento de _______ __ _________.Sagitário e Libra: _______ Libra e Virgem: _____ _______ Virgem e Gêmeos: ___ ____ __ ___ ______ Tráfego de Emergência Tambaú Casa Branca São João da Boa Vista
64%
A pista da _____ _______ encontra-se fora da área de instrução porém, pode ser usada para treinamento, mediante autorização de _____ Usina Cresciumal Argos
64%
Operação: ___ ______ VFR especial
64%
Operação: ___ __ _______ VFR sem restrições
64%
Operação: ___ __ _______ VFR sem restrições
64%
Se, depois de passados __ minutos além do horário previsto para o briefing, o instrutor não aparecer, informar tal situação ao OPO, ao Operações da Esquadrilha ou ao Cmt. da Esquadrilha 10
55%
Peso limite do Paraquedas Americano (kg) 108,86
55%
Aguardar, na sua cadeira na sala de briefing de sua Esquadrilha, o instrutor __ minutos antes do horário previsto para o briefing, munido da ______ de voo devidamente preenchida 10 minuta
55%
Peso limite do Paraquedas Alemão (kg) 115
55%
Limite máximo de peso para voo no T-25 (kg) 115
55%
Comunicar ao Comandante ou Operações da Esquadrilha, com antecedência mínima de __ horas ou pelo menos antes da divulgação da _____ de voo, quando não puder voar 12 escala
55%
Quantidade de hangaretes (box coberto) 26
55%
Quantidade de boxes 35
55%
Área vertical: para evoluções abaixo de ____ ft, o piloto deve coordenar com o controle, tomando cuidado com as aeronaves que estão em subida para as áreas do setor E. O piloto que desejar voar na vertical, deverá ligar para o OPO do _° EIA e verificar se algum T-2_ irá realizar procedimento instrumento e/ou voo de formatura nesta área 5000 1 7
55%
Cada esquadrilha entrará em forma __ minutos antes do horário estipulado pelo ______ de Esquadrilha 5 Comandante
55%
Limite de alunos no bar 6
55%
Com o intuito de otimizar os recursos humanos disponíveis no APP-YS, fica estabelecido que quando houver até _ aeronaves do EDA, do 1° e 2° EIA, voando simultaneamente, haverá o agrupamento dos setores de ARGOS e _______. As aeronaves do 1° EIA e EDA manterão a frequência de _______ e as aeronaves do 2° EIA manterão a frequência de ARGOS. 6 polaris polaris
55%
Controlar as áreas em que voou [...] e informar ao _______ __ ___, antes da notificação do voo, a área de preferência para a missão que vai realizar auxiliar do OPO
55%
Caneta _____ e ______ azul vermelha
55%
______ __ ______ de voo (OPCIONAL) Caderno de Anotações
55%
É proibido ao aluno ausentar-se do 2º EIA sem autorização do _______ __ _________ ou do ___ Comandante da Esquadrilha OPO
55%
Informar ao ____ __ ____ no CCAer sempre que for reprovado no curso e quando completar um voo de _____ com aproveitamento comandante do esquadrão cheque
55%
Se dispensado por motivos de saúde, trazer a _____ de voo e entregá-la ao ______ ou ______ da Esquadrilha dispensa Comandante Operações
55%
Subida: conforme orientação dos órgãos de controle, respeitando os limites laterais da área.
Descida: Setor “W”: Via tobogã __, não devendo efetuar descida abaixo dos ____ ft.
Setor “E”: Conforme coordenação com os órgãos de controle ou via Portal ___
E 4000 N
55%
Movimentos amplos e longitudinais do manche ejeção
55%
É proibido a todos os tripulantes realizar voos com prova de _____ _____ vencida, inspeção __ _____ vencida ou sem ter realizado a prova de _____ da respectiva fase. emergência crítica de saúde apronto
55%
Movimentos laterais de manche está comigo
55%
Pistas de Asfalto (Norte a Sul) - 6: Fazenda Amália Caiapó São José do Rio Pardo São João da Boa Vista Leme Araras
55%
Abrir e fechar a mão em movimentos rápidos fogo
55%
Conectar ____ _____: Mão _____ com os dedos estendidos na horizontal tocando a palma da mão _____, que estará na vertical, imitando o movimento de conectar fonte externa direita esquerda
55%
Pane de sistemas (______) - Mão cerrada acima do ______ HECOMAIRP capacete
55%
6 a 9: Indicados pelos dedos da mão na ______ horizontal
55%
Intersecções de acesso à pista (02 à 20) K N Q R
55%
M_____; M___; M_____ MAITE MAIV MAPRO
55%
Levar para o briefing de todas as missões a _____ com os dados previamente preenchidos, bem como a pasta contendo as _____ __ ______ (OI) minuta Ordens de Instrução
55%
Visibilidade: _____ ______ Muito prejudicada
55%
O deficiente em simulador de voo ____ (impactará/não impactará)
na escala de voo real
não impactará
55%
Utilizar, _____, "ear plugs" na área operacional. obrigatoriamente
55%
O chefe de turma fará a apresentação ao ______ ___ _____ presente. oficial mais antigo
55%
Dedo indicador e médio apontando para os olhos operação do farol de pouso
55%
Para ir à SEF, no horário previsto, o cadete deverá solicitar autorização do ______ para se dirigir ao CCAER/SEF OPO
55%
Mecânico livre para se aproximar da aeronave: Mãos espalmadas sobre o arco do ______ ou sobre o ______ para-brisa capacete
55%
Abandonar o avião polichinelo
55%
Área de Movimento: parte do aeródromo destinada ao ____, à _____ e ao ___ de aeronaves. Constitui- se pela área de ____ e os ____. pouso decolagem taxi manobras pátios
55%
Área de Manobras: parte do aeródromo destinada ao ____, à ______ e ao ___ de aeronaves, excluídos os ____. pouso decolagem taxi pátios
55%
A minuta será utilizada para verificação da ___ ____ Information (briefing) e ____ ____ Information (antes do guarnecer) Pre Flight Last Minute
55%
Com faixa contínua, fica ______ a “ultrapassagem” e com faixa pontilhada fica _____ a “ultrapassagem” proibida autorizada
55%
Em caso de voo deficiente (____ ou ____), o cadete deve passar, _____, por uma consulta com o médico e psicólogo do Esquadrão real simulador obrigatoriamente
55%
________ de pulso com _________ Relógio cronômetro
55%
Se a dispensa for dada por médico que não seja o do esquadrão, o aluno deverá dar ciência à _____ ________ do 2º EIA Seção Aeromédica
55%
Ferido/Passando mal sinal de biruta
55%
As decolagens de voo de instrução local só poderão ter início após todos os meios de apoio estarem a postos: ___, _______ e _______ ___ TWR Bombeiro Alerta SAR
55%
Todas as aeronaves em voo de formatura dentro da área de _______ _ deverão estar obrigatoriamente na escuta de ______. VIRGEM 1 ARGOS
55%
A área de _____ _ será utilizada primariamente como "corredor" de retorno das demais áreas, podendo ser utilizada para evoluções normais em casos excepcionais. O limite para evoluções dentro de ______ _ será a _____ __ ________ __ ______. VIRGEM 1 VIRGEM 1 Linha de Confirmação de Emergência
55%
Saturação da Área vertical: _ aeronave, _ elemento ou _ esquadrilha. 1 1 1
45%
Área vertical: Limite vertical mínimo (ft) 4000
45%
Limites Verticais: do nível do solo (GND) até ____ ft (FL___), _________ (inclusive ou exclusive) . Para evoluir acima deste nível deve-se solicitar a ____. 9000 090 inclusive argos
45%
C____-____ Check-list
45%
Durante o agrupamento de setores, embora os esquadrões operem em frequências distintas, o sistema ____ ______ replicará as comunicações de modo que todas as mensagens transmitidas serão ouvidas em ambas as frequências cross coupling
45%
Em VFR especial, não serão autorizadas ______, apenas aproximação para ______ decolagens regresso
45%
Portal: destina-se à _____ de aeronaves no circuito de tráfego. Dentro dessa área, é PROIBIDA a realização de _____ entrada espera
45%
Entrada secundária _: _____, destinada aos ______ (civis e militares) e aos ______ E Operacional funcionários alunos
45%
Na subárea de _______ _, o perfil de subida será semelhante ao da área de _______, curvando à ______ quando para o ingresso na referida subárea. As demais subáreas seguirão o perfil normal de subida e ingresso. GÊMEOS 2 VIRGEM direita
45%
HECOM (cite cada um) - X dedo(s) na _____ hidráulico elétrico combustível oxigênio motor vertical
45%
Pirotécnica Não obstante qualquer informação anterior, não pouse por enquanto
45%
Entrada secundária _ e _: ______, destinada às atividades de ______ N S Administrativa serviço
45%
____ caminhar com o capacete ou com a cobertura na cabeça nunca
45%
As cidades de ____ ______ e ____ _____ __ ____ _____ não deverão ser sobrevoadas sob pena de conflito de tráfego com aeronaves do setor “W” da AFA. As cidades de ___ ____ __ ___ ______ e ___ ____ __ ___ ____ não deverão ser sobrevoadas sob pena de conflito com
tráfegos civis. Para o treinamento de Tráfego de Emergência nestas localidades deve ser feito
coordenação na ______ ____ (___.__).
Porto Ferreira Santa Rita do Passa Quatro São José do Rio Pardo São João da Boa Vista frequência livre 12345
45%
No pátio de estacionamento, ____ usar protetor auricular sempre
45%
Entrada principal _: _____, destinada aos ______, aos ______ (civis e militares) e aos ______ W Principal instrutores funcionários visitantes
45%
Paraquedas Americano: PN _______ 50C7025-21
36%
Paraquedas Alemão: PN _______ 904990-11
36%
Limites laterais de Gêmeos (colocar exclusive sem parênteses), sentido anti-horário AFA Rio Mogi Conchal Mogi Guaçu exclusive São João da Boa Vista exclusive Aguaí
36%
Vermelha Contínua Dê passagem a outra aeronave. Continue no circuito
36%
As aeronaves em voo de formatura só estarão autorizadas a manter a escuta exclusiva da _______ _____ após ingressarem na subárea para a qual foram notificadas e enquanto nela permanecerem, desde que coordenado com _____ e sem a presença de outras aeronaves na mesma subárea. frequência tática ARGOS
36%
Limites laterais de Virgem (colocar exclusive sem parênteses), sentido horário AFA Santa Cruz das Palmeiras Casa Branca Sítio Nossa Senhora Aparecida do Alto da Serra São João da Boa Vista exclusive Aguaí
27%
AIRP (cite cada um) - X dedo(s) na _____ armamento instrumento rádio pressurização horizontal
27%
Limites laterais de Libra (colocar exclusive sem parênteses), sentido horário Santa Cruz das Palmeiras Tambaú Santa Rosa do Viterbo Mococa exclusiveSítio Nossa Senhora Aparecida do Alto da Serra Casa Branca
27%
Limites laterais de Sagitário (colocar exclusive sem parênteses), sentido anti-horário Santa Cruz das Palmeiras Tambaú Santa Rosa do Viterbo Santa Rita do Passa Quatro exclusive Porto Ferreira exclusive
27%
Limites laterais da Área Vertical (horário) Trevo da Estrada de Aguaí com a Anhanguera Porto Ferreira Santa Cruz das Palmeiras Curva do Rio Mogi
27%
Limites laterais da Área Portal (horário) Areal Venda Branca Ponte Rio Jaguari Mirim Trevo na Estrada de Aguaí Vírgula
9%
Nenhum quiz correspondente encontrado
Distribuição das Pontuações
Porcentagem de Pessoas com Cada Pontuação
Percentil de Números Respondidos
Sua Pontuação Histórica
Você não jogou esse quiz desde o último reset